000
00435nam a2200145Ia 4500
008
100204s9999 xx 000 0 und d
082
_b
7643
100
_a
वाळिंबे शरदचंद्र्र
245
_a
कपटजाल
260
_b
"उदयदीप प्रकाशन , मुंबई"
_c
1985
300
_a
163
630
_a
कपटजाल
730
_a
कपटजाल
942
_c
BOOK
999
_c
452079
_d
452076